000 00514nam a2200193Ia 4500
005 20260120130336.0
008 008 260114s9999 xx 000 0 eng d
020 _a9780191603921
037 _aEBOOK
040 _aCRL
_beng
_cCRL
041 _aeng
_2eng
084 _qCRL
100 _aCavell
_9913874
245 0 _aBecoming a Subject
260 _bOxford University PressOxford University Press
_c2006
856 _uhttps://academic.oup.com/book/9292
942 _cEBOOK
999 _c1505777
_d1505777